[Event "ISL-chT2 1415"]
[Site "Reykjavik"]
[Date "2014.10.04"]
[Round "3"]
[White "Ingvarsson, Kjartan"]
[Black "Gudjonsson, Sindri"]
[Result "1/2-1/2"]
[WhiteElo "1857"]
[BlackElo "1895"]
[PlyCount "78"]
[EventDate "2014.10.03"]
[EventType "team-tourn"]
[EventRounds "7"]
[EventCountry "ISL"]
[SourceTitle "EXT 2016"]
[Source "ChessBase"]
[SourceDate "2015.10.08"]
[SourceVersion "1"]
[SourceVersionDate "2015.10.08"]
[SourceQuality "1"]
[WhiteTeam "Vinaskakfelagid"]
[BlackTeam "Gardabaer"]
[WhiteTeamCountry "ISL"]
[BlackTeamCountry "ISL"]

1. d4 Nf6 2. Nf3 d5 3. c4 dxc4 4. Nc3 e6 5. e4 Be7 6. Bxc4 0-0 7. 0-0 c5 8. d5 exd5 9. exd5 Bg4 10. Re1 Bd6 11. Bg5 h6 12. Bh4 g5 13. Bg3 a6 14. a4 Qc7 15. Qd3 Nbd7 16. Nd2 Ne5 17. Bxe5 Bxe5 18. Nde4 Rad8 19. d6 Qc8 20. Ng3 Rxd6 21. Qc2 Bxg3 22. fxg3 Kg7 23. Rf1 Be6 24. Be2 Nd5 25. Ne4 Rc6 26. b3 f5 27. Qb2+ Kg8 28. Nd2 Qc7 29. Nc4 Qg7 30. Qd2 f4 31. Bf3 Rd8 32. Rae1 Qf6 33. Rd1 Rcc8 34. Qe2 b5 35. Rfe1 Bf7 36. Ne5 Ne3 37. Rxd8+ Rxd8 38. Nxf7 Qxf7 39. axb5 axb5 1/2-1/2